000 00324nam a2200145Ia 4500
005 20251222152704.0
008 251222s9999||||xx |||||||||||||| ||spa||
020 _a9788439726333
082 _a813.54/D74
100 _aDidion, Joan
245 0 _aNoches Azules
250 _a1ra. ed.
264 _bMondadori
942 _cLIB
999 _c28928
_d28928